00842nam a2200217 a 450000100060000000300080000600500170001400800410003103500190007204000270009104100080011808200240012610000320015024501550018226001000033730000350043750400500047260000300052265000480055270000240060056049BD-RjUL20211209080340.0161124s1908 enkh b 001 0 eng  a(BD-RjUL)56173 aDLCcDLCdBD-RjULbeng aeng 223a822.2bSKM 19081 aSkelton, John,d1460?-1529.10aMagnificence, a moral play /cJohn Skelton ; edited by Robert Lee Ramsay  aManchester :bManchester University Press ;aBaltimore :bJohns Hopkins University Press,c1908 axvi, 229 p. :bfacsim ;c21 cm aIncludes bibliographical references and index aSkelton, John, 1460?-1529 aEnglish dramavEarly modern and Elizabethan1 a Ramsay, Robert Lee